01440nam a2200301Ia 4500001000900000003000500009005001700014008004100031010001100072020001900083040000900102082001200111100002800123245009300151260003900244300001100283503000800294650004100302901001200343902000600355905006300361942001500424999001900439952017000458952017000628952017000798952017000968dia_3479CHAP20251021161014.0220117s1979 xx 000 0 und d a173942 a968-189-0266-7 cCHAP a658 O3Y aOdiorne, George9154740 aAdministración por objetivos; nuevo sistema para la dirección /c George S. Odiorne aMéxico, D. F. :b Limusa,c1979 a220 p. aC/E 0aAdministración empresarial9154741 a658 O3Y aM a0000001979 1989 MX X 0000000000SPA00 cLIBRO2ddc c173942d173942 00102ddc4055708GRALaIA_bIA_d2022-01-18eCompra Librería Patena F. 4529 / R. (30/04/1990)g6552.00iC/el0o658 O3Ypdia_3421r2022-01-18 00:00:00t4yLIBRO 00102ddc4051708GRALaIA_bIA_d2022-01-18eCompra Librería Patena F. 4529 / R. (30/04/1990)g6552.00iC/el0o658 O3Ypdia_3418r2022-01-18 00:00:00t1yLIBRO 00102ddc4055708GRALaIA_bIA_d2022-01-18eCompra Librería Patena F. 4529 / R. (30/04/1990)g6552.00iC/el0o658 O3Ypdia_3419r2022-01-18 00:00:00t2yLIBRO 00102ddc4055708GRALaIA_bIA_d2022-01-18eCompra Librería Patena F. 4529 / R. (30/04/1990)g6552.00iC/el0o658 O3Ypdia_3420r2022-01-18 00:00:00t3yLIBRO